000 01569cam a22004694i 4500
003 PE-LiUPU
005 20250731173227.0
008 150625s r 000 0 d
020 _a0802822886
035 _a(Sirsi) i9780802822888
040 _aPE-LiUPU
_bspa
_cPE-LiUPU
_erda
049 _aPRUA
082 0 4 _a225.07
_bNICNT
_221
100 1 _aFee, Gordon D.,
_eautor.
245 1 4 _aThe First Epistle to the Corinthians /
_cGordon D. Fee.
264 1 _aMichigan :
_bEerdmans,
_c1991.
300 _a880 páginas ;
_c22 centímetros
336 _atext
_2rdacontent
337 _aunmediated
_2rdamedia
338 _avolume
_2rdacarrier
490 0 _aThe New International Commentary on the New Testament
504 _aNotas bibliográficas al pie de páginas.
505 0 _aAnalisys of 1 Corinthians. -Text, exposition, and notes. -Indexes.
526 _aSEG42
526 _aSEG41
526 _aSEG40
526 _aSEG39
526 _aP94
526 _aP87
526 _aP86
526 _aP85
526 _aP77
526 _aP76
526 _aP35
630 _aBiblia.
_pN.T.
_pCorintios I
_xComentarios.
942 _2ddc
_cBOOK
949 _a225.07 NICNT 7
_wDEWEY
_c1
_i37774
_lCCODEBUL1
_mBUL
_r0
_sY
_tBOOK
_u2015-6-25
_xTEOLOGIA
_zUNKNOWN
_0COMPRA
_o.STAFF. Colección General
994 _aC0
_bPEPRU
596 _a1
999 _a225.07 NICNT 7
_wDEWEY
_c42036
_i37774
_f2021-11-11
_g5
_lCCODEBUL1
_mBUL
_r0
_sY
_tBOOK
_u2015-6-25
_xTEOLOGIA
_zUNKNOWN
_0COMPRA
_o.STAFF. Colección General
_d42036
980 _81
_gALBERTO SANCHEZ Responsable de Automatización